000 00528nam a2200205Ia 4500
005 20231110121430.0
008 131103s9999 xx 000 0 und d
040 _aLoreto College
041 _aEnglish
082 _a709
_bHAM
100 _aHamlyn, Paul
245 _aArt Treasures of the World
_cPaul Hamlyn
250 _a an illustrated history in colour
260 _aLondon
_bThe Author
_c1964
300 _a287 p.
_b illus.
504 _aIncludes index
650 _aArt - History
850 _aLCLIB
942 _cBK
999 _c17470
_d67949